ARRUPE JESUIT UNIVERSITY

CORONAVIRUS -STOP THE SPREAD - CLEAN,DISINFECT,COVER

The contemporary Catholic school : (Record no. 119586)

MARC details
000 -LEADER
fixed length control field 01399pam a2200349 a 4500
001 - CONTROL NUMBER
control field 3997188
003 - CONTROL NUMBER IDENTIFIER
control field ARRUPE
005 - DATE AND TIME OF LATEST TRANSACTION
control field 20140117145735.0
008 - FIXED-LENGTH DATA ELEMENTS--GENERAL INFORMATION
fixed length control field 960305s1996 enk b 001 0 eng
010 ## - LIBRARY OF CONGRESS CONTROL NUMBER
LC control number 96012660
020 ## - INTERNATIONAL STANDARD BOOK NUMBER
International Standard Book Number 0750704713 (cased : acidfree)
020 ## - INTERNATIONAL STANDARD BOOK NUMBER
International Standard Book Number 0750704721 (paper : acidfree)
040 ## - CATALOGING SOURCE
Original cataloging agency DLC
Transcribing agency DLC
Modifying agency DLC
043 ## - GEOGRAPHIC AREA CODE
Geographic area code n-us---
-- e-uk-en
-- e-uk-wl
050 00 - LIBRARY OF CONGRESS CALL NUMBER
Classification number LC501
Item number .C594 1996
082 00 - DEWEY DECIMAL CLASSIFICATION NUMBER
Classification number 377/.82
Edition number 20
300 ## - PHYSICAL DESCRIPTION
Dimensions 24 cm.
100 ## - MAIN ENTRY--PERSONAL NAME
Personal name McLaughlin, Terence,
9 (RLIN) 6717
245 04 - TITLE STATEMENT
Title The contemporary Catholic school :
Remainder of title context, identity, and diversity /
Statement of responsibility, etc edited by Terence H. McLaughlin, Joseph O'Keefe, and Bernadette O'Keeffe.
260 ## - PUBLICATION, DISTRIBUTION, ETC. (IMPRINT)
Place of publication, distribution, etc London ;
-- Washington, D.C. :
Name of publisher, distributor, etc Falmer Press,
Date of publication, distribution, etc 1996.
300 ## - PHYSICAL DESCRIPTION
Extent vi, 320 p. ;
504 ## - BIBLIOGRAPHY, ETC. NOTE
Bibliography, etc Includes bibliographical references and index.
650 #0 - SUBJECT ADDED ENTRY--TOPICAL TERM
Topical term or geographic name as entry element Catholic schools
Geographic subdivision United States.
9 (RLIN) 6718
650 #0 - SUBJECT ADDED ENTRY--TOPICAL TERM
Topical term or geographic name as entry element Catholic schools
Geographic subdivision England.
9 (RLIN) 6719
650 #0 - SUBJECT ADDED ENTRY--TOPICAL TERM
Topical term or geographic name as entry element Catholic schools
Geographic subdivision Wales.
9 (RLIN) 6720
700 1# - ADDED ENTRY--PERSONAL NAME
Personal name McLaughlin, Terence,
Titles and other words associated with a name Brother.
9 (RLIN) 6721
700 1# - ADDED ENTRY--PERSONAL NAME
Personal name O'Keefe, Joseph.
9 (RLIN) 6722
700 1# - ADDED ENTRY--PERSONAL NAME
Personal name O'Keeffe, Bernadette.
9 (RLIN) 6723
856 42 - ELECTRONIC LOCATION AND ACCESS
Materials specified Publisher description
Uniform Resource Identifier <a href="http://www.loc.gov/catdir/enhancements/fy0652/96012660-d.html">http://www.loc.gov/catdir/enhancements/fy0652/96012660-d.html</a>
906 ## - LOCAL DATA ELEMENT F, LDF (RLIN)
a 7
b cbc
c orignew
d 1
e ocip
f 19
g y-gencatlg
942 ## - ADDED ENTRY ELEMENTS (KOHA)
Source of classification or shelving scheme Library of Congress Classification
Koha item type Monograph ( Printed materials)
Holdings
Withdrawn status Lost status Source of classification or shelving scheme Damaged status Not for loan Collection code Home library Current library Shelving location Date acquired Total Checkouts Full call number Barcode Date last seen Price effective from Koha item type
    Library of Congress Classification     Main Collection ARRUPE LIBRARY ARRUPE LIBRARY Main Collection 17/01/2014   LC501 .C594 1996 464122395 28/06/2018 17/01/2014 Monograph ( Printed materials)

 

Arrupe Library. PO Box MP320 Mt Pleasant, Harare, Zimbabwe
263 242 745411|librarian@aju.ac.zw